000 00318nam a2200133Ia 4500
008 230312s9999||||xx |||||||||||||| ||und||
082 _a891.4
_bHAM-A
100 _aحامد کمال الدین
245 0 _aایقاظ
260 _bsabzazar lahore
_apak
_c2014
300 _a223
650 _aLiterature
942 _cBK
999 _c15054
_d15054